An introduction to medical terminology for health care a self-teaching package / (Record no. 356021)
[ view plain ]
| 000 -LEADER | |
|---|---|
| fixed length control field | 00362nam a2200121Ia 4500 |
| 008 - FIXED-LENGTH DATA ELEMENTS--GENERAL INFORMATION | |
| fixed length control field | 180219s9999 xx 000 0 und d |
| 020 ## - INTERNATIONAL STANDARD BOOK NUMBER | |
| International Standard Book Number | 9780702044953 |
| 100 ## - MAIN ENTRY--PERSONAL NAME | |
| Personal name | Hutton, Andrew R. |
| 245 #3 - TITLE STATEMENT | |
| Title | An introduction to medical terminology for health care a self-teaching package / |
| 250 ## - EDITION STATEMENT | |
| Edition statement | 5th ed |
| 260 ## - PUBLICATION, DISTRIBUTION, ETC. (IMPRINT) | |
| Place of publication, distribution, etc | USA : |
| Name of publisher, distributor, etc | Elsevier |
| Date of publication, distribution, etc | 2017 |
| 300 ## - PHYSICAL DESCRIPTION | |
| Extent | vi, 411 pages |
| Withdrawn status | Lost status | Damaged status | Home library | Current library | Shelving location | Date acquired | Source of acquisition | Total Checkouts | Total Renewals | Full call number | Barcode | Date last seen | Date checked out | Price effective from | Koha item type |
|---|---|---|---|---|---|---|---|---|---|---|---|---|---|---|---|
| South SEED-LPDH College Library | South SEED-LPDH College Library | South SEED-LPDH College Section | 02/19/2018 | Library Fund | 3 | 7 | R 123 .H984 2017 | SSLC1681 | 04/30/2019 | 01/23/2019 | 02/19/2018 | Books |